Hard logos - Statistics

General Stats
  • This quiz has been taken 43 times
  • The average score is 16 of 24
Answer Stats
Picture Answer % Correct
Shell
100%
New York Times
89%
Hyundai
87%
Cartoon Network
84%
Nestle
84%
Clash of Clans
82%
LG
82%
Michelin
82%
Rockstar
82%
ChatGPT
79%
Motorola
74%
United Nations
74%
Warner Bros
74%
Cadillac
71%
Yamaha
61%
Delta
55%
Seychelles
55%
Opera
50%
Dior
45%
Chiquita
39%
Deere
39%
Oneplus
39%
Conference League
32%
Proximus
16%
No matching quizzes found
Score Distribution
Percent of People with Each Score
Percentile by Number Answered
Your Score History
You have not taken this quiz